Dictionnaire hors série n°11: le Quidditch - Statistiques

Statistiques générales
  • Ce quiz a été pris 191 fois
  • Le résultat moyen est 7 sur 10
Statistiques - réponses
Définitions Classes grammaticales Mots correspondants % Correct
Se soutenir et se déplacer dans les airs au moyen d'ailes Verbe Voler
97%
Ustensile ménager formé d'un long manche et d'une brosse servant à enlever la poussière Nom Balai
85%
Petite sphère, boule élastique dont on se sert pour divers jeux Nom Balle
80%
Qui a l'éclat, la couleur de l'or Adjectif Doré
77%
Dont la vitalité se manifeste par la rapidité des mouvements et des réactions Adjectif Vif
77%
Rejoindre quelque chose ou quelqu'un et s'en saisir Verbe Attraper
74%
Qui constitue ou présente un danger Adjectif Dangereux
69%
Toucher rudement en portant un ou plusieurs coups Verbe Frapper
68%
Laisser une trace, une marque sur quelque chose Verbe Marquer
66%
Cercle de matière dure qui sert à attacher ou à retenir Nom Anneau
49%
Aucun quiz correspondant
Distribution des résultats
% des personnes avec chaque résultat
Percentile par nombre de réponses
Votre historique - résultats
Vous n’avez pas pris ce quiz